Istoria, kuľtura, foľklor ta etnografia slovjanskich narodov

Podrobná bibliografia
Hlavný autor: Čulková, D. (Autor)
Médium: Článok
Jazyk:slovenčina
ruština
Predmet:

MARC

LEADER 00000nab a2200000 a 4500
001 vtls000371429
003 SK-MaSNL
005 20260304081845.0
008 250424c1989 xo 0 slo
015 |a SNBRB19rr/mm-uuuuu 
035 |a CL0371551 
035 |a (urnnbn)urn:nbn:sk:snk:ar-004tjk 
035 |a (uuid)fe6b8b67-8703-4592-a96c-c01565003c2e 
035 |a urn:nbn:sk:snk-ab7xq9 
040 |a SNKBUCL  |b slo  |c SNKBUCL  |e AACR2 
041 0 |a rus 
044 |a xo  |c SK 
080 |a 940.2  |2 1981 
080 |a 947  |2 1981 
080 |a 39  |2 1981 
100 1 |a Čulková, D.  |4 aut  |9 1367608 
245 1 0 |a Istoria, kuľtura, foľklor ta etnografia slovjanskich narodov  |c D. Čulková 
650 0 7 |a Slovania  |2 snkbucl  |9 18587 
655 7 |a články z novín a časopisov  |2 snkbucl  |9 267496 
773 0 |t Historický časopis  |g Roč. 37, č. 3 (1989), s. 460 
787 0 8 |i Rec.:  |t Istoria, kuľtura, foľklor ta etnografia slovjanskich narodov  |d Kyjev : Naukova dumka, 1988 
850 |a Slovenská národná knižnica 
852 |a Slovenská národná knižnica 
954 |a odborná, vedecká literatúra cudzojazyčná (svetová)  |2 lita 
954 |a odborná, vedecká literatúra pôvodná (slovenská)  |2 lita 
958 |a article9 
958 |a OND 
958 |a RK 
958 |a SK 
958 |a EUIPO 
992 |a RBX 
999 |c 2792575  |d 2794505